00342nam a2200157Ia 4500008004100000041001200041082000800053082001000061100001500071100001100086245003000097260001200127260001900139260000900158650001700167150901s9999 xx 000 0 und d aEnglish a610 bPHA.1 aDymock W  eAuthor aPharmacographia India V.1 aLondoan bTrubner and Co c2005 aPharmacology